[Event "Wch Blitz"]
[Site "New York"]
[Date "2024.12.30"]
[Round "7"]
[White "Sindarov, Javokhir"]
[Black "Jacobson, Brandon"]
[Result "1-0"]
[WhiteElo "2682"]
[BlackElo "2583"]
[PlyCount "121"]
[EventDate "2024.12.30"]
[EventType "swiss (blitz)"]
[EventRounds "13"]
[EventCountry "USA"]
[SourceTitle "CB01_2025"]
[SourceDate "2025.01.01"]
[SourceVersion "1"]
[SourceVersionDate "2025.01.01"]
[SourceQuality "1"]

1. e4 e5 2. Nf3 Nc6 3. Bc4 Bc5 4. Nc3 Nf6 5. d3 a6 6. Be3 Bxe3 7. fxe3 d6 8. Ng5 Rf8 9. 0-0 Na5 10. Bxf7+ Rxf7 11. Nxf7 Kxf7 12. Nd5 Kg8 13. Nxf6+ gxf6 14. Qh5 Qe7 15. Rf3 Be6 16. Raf1 Rf8 17. Qh6 Nc6 18. Rxf6 Rxf6 19. Rxf6 Bf7 20. Qg5+ Kh8 21. h4 Nd8 22. Qh6 Bg8 23. Qf8 Nc6 24. a3 Qg7 25. h5 Qg5 26. h6 Qxe3+ 27. Kh2 Qg5 28. Rf5 Qh4+ 29. Kg1 Qe1+ 30. Rf1 Qe3+ 31. Kh2 Qg5 32. Rf3 Qh4+ 33. Rh3 Qf4+ 34. Qxf4 exf4 35. Rh4 Be6 36. Rxf4 Ne5 37. Rf8+ Bg8 38. Rc8 c5 39. Kg3 Nf7 40. Rc7 b5 41. Rc6 c4 42. d4 Nxh6 43. Rxd6 Nf7 44. Rxa6 Ng5 45. Kf4 Ne6+ 46. Ke5 Ng5 47. d5 Kg7 48. Rb6 h5 49. Rxb5 h4 50. a4 Bh7 51. Rb7+ Kh6 52. Rxh7+ Kxh7 53. a5 Nf3+ 54. Kf4 Ne1 55. a6 Nxg2+ 56. Kg4 Ne3+ 57. Kh3 c3 58. bxc3 Nc4 59. a7 Nb6 60. d6 Kg6 61. d7 1-0

[Event "Wch Blitz"]
[Site "New York"]
[Date "2024.12.30"]
[Round "3"]
[White "Sindarov, Javokhir"]
[Black "Liang, Awonder"]
[Result "1/2-1/2"]
[WhiteElo "2682"]
[BlackElo "2687"]
[PlyCount "69"]
[EventDate "2024.12.30"]
[EventType "swiss (blitz)"]
[EventRounds "13"]
[EventCountry "USA"]
[SourceTitle "CB01_2025"]
[SourceDate "2025.01.01"]
[SourceVersion "1"]
[SourceVersionDate "2025.01.01"]
[SourceQuality "1"]

1. e4 e5 2. Nf3 Nc6 3. Bc4 Bc5 4. Nc3 Nf6 5. d3 d6 6. 0-0 h6 7. Na4 Bb6 8. a3 0-0 9. h3 Ne7 10. Re1 Ng6 11. Nxb6 axb6 12. d4 exd4 13. Qxd4 Re8 14. b3 Be6 15. Bb2 Bxc4 16. Qxc4 Re6 17. e5 dxe5 18. Nxe5 Nxe5 19. Rxe5 Rxe5 20. Bxe5 c6 21. a4 b5 22. Qc3 Nd5 23. Qd4 f6 24. Bg3 bxa4 25. bxa4 Ne7 26. Qb2 Qd7 27. Rb1 Nf5 28. Bf4 Kh7 29. Qb3 Qd4 30. Be3 Nxe3 31. fxe3 Qe4 32. Qd3 Rxa4 33. Rxb7 Qxd3 34. cxd3 Ra2 35. Rc7 1/2-1/2

[Event "Wch Blitz"]
[Site "New York"]
[Date "2024.12.30"]
[Round "1"]
[White "Sindarov, Javokhir"]
[Black "Macovei, Andrei"]
[Result "1/2-1/2"]
[WhiteElo "2682"]
[BlackElo "2477"]
[PlyCount "104"]
[EventDate "2024.12.30"]
[EventType "swiss (blitz)"]
[EventRounds "13"]
[EventCountry "USA"]
[SourceTitle "CB01_2025"]
[SourceDate "2025.01.01"]
[SourceVersion "1"]
[SourceVersionDate "2025.01.01"]
[SourceQuality "1"]

1. e4 c6 2. Nf3 d5 3. d3 dxe4 4. dxe4 Qxd1+ 5. Kxd1 Nf6 6. Nbd2 g6 7. Nd4 a5 8. a4 Ng4 9. Ke1 Na6 10. Bxa6 Rxa6 11. Nc4 Bg7 12. c3 0-0 13. f3 Ne5 14. Nxe5 Bxe5 15. Be3 Rd8 16. Kf2 Rb6 17. Rhb1 f6 18. Ne2 Ra6 19. Rd1 Rxd1 20. Rxd1 Be6 21. Rd8+ Kf7 22. Nd4 Bxd4 23. Bxd4 b6 24. Rb8 c5 25. Be3 g5 26. h4 gxh4 27. Bf4 Bb3 28. Bc7 Bxa4 29. Bxb6 c4 30. Bc5 Rc6 31. Ba3 Rc7 32. Ra8 Rd7 33. Rxa5 Bb3 34. Rh5 Kg6 35. Rxh4 h5 36. g4 hxg4 37. Rxg4+ Kf7 38. Rh4 e5 39. Rh8 Rd2+ 40. Kg3 Rd3 41. Rf8+ Kg7 42. Be7 Rd7 43. Bc5 Rd3 44. Be7 Rd7 45. Bc5 Rd3 46. Kg4 Bd1 47. Kf5 Rxf3+ 48. Ke6 Bc2 49. Be7 Bxe4 50. Rxf6 Rxf6+ 51. Bxf6+ Kg6 52. Bxe5 Bc2 1/2-1/2

[Event "Wch Blitz"]
[Site "New York"]
[Date "2024.12.30"]
[Round "13"]
[White "Sindarov, Javokhir"]
[Black "Moroni, Luca Jr"]
[Result "1-0"]
[WhiteElo "2682"]
[BlackElo "2550"]
[PlyCount "61"]
[EventDate "2024.12.30"]
[EventType "swiss (blitz)"]
[EventRounds "13"]
[EventCountry "USA"]
[SourceTitle "CB01_2025"]
[SourceDate "2025.01.01"]
[SourceVersion "1"]
[SourceVersionDate "2025.01.01"]
[SourceQuality "1"]

1. e4 g6 2. d4 Bg7 3. Nc3 d6 4. f4 Nf6 5. Nf3 0-0 6. Bd3 Nc6 7. e5 dxe5 8. fxe5 Nd5 9. Nxd5 Qxd5 10. c3 f6 11. exf6 exf6 12. 0-0 Qd6 13. Nd2 Kh8 14. Ne4 Qe7 15. Bf4 Bf5 16. Nc5 Bxd3 17. Qxd3 Nd8 18. Qc4 Re8 19. Bg3 b6 20. Rae1 Qf7 21. Rxe8+ Qxe8 22. Na6 Rc8 23. Re1 Qd7 24. Qe2 Nf7 25. Nxc7 Kg8 26. Ne8 Bh8 27. Qe6 Qd8 28. Nd6 Rc7 29. Qe8+ Qxe8 30. Rxe8+ Kg7 31. Nf5+ 1-0

[Event "Wch Blitz"]
[Site "New York"]
[Date "2024.12.30"]
[Round "6"]
[White "Theodorou, Nikolas"]
[Black "Sindarov, Javokhir"]
[Result "0-1"]
[WhiteElo "2600"]
[BlackElo "2682"]
[PlyCount "68"]
[EventDate "2024.12.30"]
[EventType "swiss (blitz)"]
[EventRounds "13"]
[EventCountry "USA"]
[SourceTitle "CB01_2025"]
[SourceDate "2025.01.01"]
[SourceVersion "1"]
[SourceVersionDate "2025.01.01"]
[SourceQuality "1"]

1. d4 Nf6 2. c4 g6 3. Nc3 Bg7 4. e4 d6 5. Be2 0-0 6. Nf3 c5 7. 0-0 cxd4 8. Nxd4 Nc6 9. Be3 Bd7 10. f3 Nxd4 11. Bxd4 a5 12. Qd2 Bc6 13. Rfd1 Nd7 14. Be3 a4 15. Rab1 Nc5 16. Nd5 Bxd5 17. exd5 Qa5 18. Bf1 Rfe8 19. Qf2 e6 20. b4 axb3 21. axb3 Qa3 22. b4 exd5 23. Bc1 Qa4 24. Rxd5 Ne6 25. Rxd6 Bf8 26. Rb6 Qd1 27. Qd2 Rad8 28. Qxd1 Rxd1 29. Rxb7 Nc5 30. Rb5 Ree1 31. Kf2 Rxf1+ 32. Kg3 Ne6 33. c5 Rxc1 34. Rb3 Nd4 0-1

[Event "Wch Blitz"]
[Site "New York"]
[Date "2024.12.30"]
[Round "10"]
[White "Tsaruk, Maksim"]
[Black "Sindarov, Javokhir"]
[Result "1/2-1/2"]
[WhiteElo "2424"]
[BlackElo "2682"]
[PlyCount "81"]
[EventDate "2024.12.30"]
[EventType "swiss (blitz)"]
[EventRounds "13"]
[EventCountry "USA"]
[SourceTitle "CB01_2025"]
[SourceDate "2025.01.01"]
[SourceVersion "1"]
[SourceVersionDate "2025.01.01"]
[SourceQuality "1"]

1. e4 e5 2. Nf3 Nc6 3. Nc3 Nf6 4. d4 exd4 5. Nxd4 Bb4 6. Nxc6 bxc6 7. Bd3 0-0 8. 0-0 d5 9. exd5 cxd5 10. h3 Rb8 11. Be3 a5 12. a3 Be7 13. b3 c6 14. Re1 Be6 15. Bf4 Bd6 16. Qf3 Qc7 17. Bg5 Nd7 18. Qh5 g6 19. Qh4 Be5 20. Bd2 Bf6 21. Qg3 Qxg3 22. fxg3 Nc5 23. Bf1 d4 24. Na4 Nxa4 25. bxa4 Bf5 26. Bd3 Bxd3 27. cxd3 Rb3 28. Bxa5 Rxd3 29. Bb4 Rc8 30. Rac1 Bg5 31. Rc4 Bd2 32. Bxd2 Rxd2 33. Rec1 d3 34. Rxc6 Rxc6 35. Rxc6 Ra2 36. Rd6 d2 37. Kf1 Kf8 38. a5 Ke7 39. Rd3 Rxa3 40. Rxd2 Rxa5 41. Re2+ 1/2-1/2

[Event "Wch Rapid"]
[Site "New York"]
[Date "2024.12.28"]
[Round "13"]
[White "Duda, Jan Krzysztof"]
[Black "Sindarov, Javokhir"]
[Result "0-1"]
[WhiteElo "2740"]
[BlackElo "2655"]
[PlyCount "128"]
[EventDate "2024.12.26"]
[EventType "swiss (rapid)"]
[EventRounds "13"]
[EventCountry "USA"]
[SourceTitle "CB01_2025"]
[SourceDate "2025.01.01"]
[SourceVersion "1"]
[SourceVersionDate "2025.01.01"]
[SourceQuality "1"]

1. Nf3 Nf6 2. g3 c5 3. b3 g6 4. Bb2 Bg7 5. Bg2 Nc6 6. c4 d6 7. 0-0 e5 8. Nc3 0-0 9. d3 Rb8 10. a3 b6 11. b4 Bb7 12. e3 Qd7 13. b5 Nd8 14. e4 Ne6 15. a4 a5 16. Bh3 Bc8 17. Nd5 Qd8 18. Nd2 Bh6 19. Nb3 Nxd5 20. cxd5 Nd4 21. Nxd4 cxd4 22. Bg2 Bd7 23. Bc1 Bxc1 24. Rxc1 Rc8 25. Rc6 Bxc6 26. dxc6 Rc7 27. Qb3 Qc8 28. h4 Qe6 29. Qxe6 fxe6 30. Bh3 Kf7 31. Kg2 Ke7 32. Re1 Rf6 33. Bg4 Kd8 34. h5 Rcf7 35. f3 g5 36. Re2 Kc7 37. Re1 h6 38. Kf2 Rf8 39. Kg2 Rd8 40. Kf2 d5 41. Ke2 dxe4 42. dxe4 d3+ 43. Kd2 Rd4 44. Ra1 Rf7 45. Ra3 Rf8 46. Ra2 Rxe4 47. Kxd3 Rb4 48. Ke3 Rd8 49. Bxe6 Rdd4 50. Kf2 Rxa4 51. Re2 Rdb4 52. Rxe5 Rb2+ 53. Ke3 Ra3+ 54. Kd4 Rb4+ 55. Bc4 Raa4 56. Re7+ Kd8 57. c7+ Kc8 58. Kd5 Rxc4 59. Kd6 Kb7 60. Rh7 Rc5 61. Rxh6 Rd4+ 62. Ke6 a4 63. Rh8 Rxc7 64. h6 Rdd7 0-1

[Event "Wch Rapid"]
[Site "New York"]
[Date "2024.12.28"]
[Round "10"]
[White "Sindarov, Javokhir"]
[Black "Nepomniachtchi, Ian"]
[Result "0-1"]
[WhiteElo "2655"]
[BlackElo "2758"]
[PlyCount "60"]
[EventDate "2024.12.26"]
[EventType "swiss (rapid)"]
[EventRounds "13"]
[EventCountry "USA"]
[SourceTitle "CB01_2025"]
[SourceDate "2025.01.01"]
[SourceVersion "1"]
[SourceVersionDate "2025.01.01"]
[SourceQuality "1"]

1. e4 c5 2. Nf3 d6 3. d4 cxd4 4. Nxd4 Nf6 5. Nc3 a6 6. Bd3 e5 7. Nde2 Nc6 8. 0-0 Be6 9. f4 exf4 10. Nxf4 Ne5 11. b3 g6 12. Bb2 Bg7 13. Qd2 0-0 14. Kh1 Rc8 15. Rad1 Nfg4 16. h3 Qh4 17. Ncd5 Qg3 18. hxg4 Nxg4 19. Ne7+ Kh8 20. Bxg7+ Kxg7 21. Nh5+ gxh5 22. Qg5+ Kh8 23. Qxh5 Ne3 24. Rg1 Rc5 25. e5 Qg7 26. Rde1 Rxe5 27. Qh4 Re8 28. Rxe3 Rxe3 29. Rf1 Re5 30. Rf2 Rg5 0-1

[Event "Wch Rapid"]
[Site "New York"]
[Date "2024.12.28"]
[Round "12"]
[White "Sindarov, Javokhir"]
[Black "Volokitin, Andrei"]
[Result "1-0"]
[WhiteElo "2655"]
[BlackElo "2569"]
[PlyCount "43"]
[EventDate "2024.12.26"]
[EventType "swiss (rapid)"]
[EventRounds "13"]
[EventCountry "USA"]
[SourceTitle "CB01_2025"]
[SourceDate "2025.01.01"]
[SourceVersion "1"]
[SourceVersionDate "2025.01.01"]
[SourceQuality "1"]

1. e4 c5 2. Nf3 d6 3. d4 cxd4 4. Nxd4 Nf6 5. Bd3 Nc6 6. Be3 g6 7. h3 Bg7 8. c4 0-0 9. Nc3 d5 10. cxd5 Nxd5 11. exd5 Nxd4 12. Bxg6 Qb6 13. Bb1 Qxb2 14. Bxd4 Bxd4 15. Qxd4 Qxa1 16. 0-0 Qb2 17. Re1 f6 18. Rxe7 Rf7 19. Re8+ Kg7 20. Qe3 Bf5 21. Qg3+ Kh6 22. Rxa8 1-0

[Event "Wch Rapid"]
[Site "New York"]
[Date "2024.12.28"]
[Round "11"]
[White "Theodorou, Nikolas"]
[Black "Sindarov, Javokhir"]
[Result "1/2-1/2"]
[WhiteElo "2535"]
[BlackElo "2655"]
[PlyCount "59"]
[EventDate "2024.12.26"]
[EventType "swiss (rapid)"]
[EventRounds "13"]
[EventCountry "USA"]
[SourceTitle "CB01_2025"]
[SourceDate "2025.01.01"]
[SourceVersion "1"]
[SourceVersionDate "2025.01.01"]
[SourceQuality "1"]

1. d4 Nf6 2. c4 e6 3. Nf3 d5 4. g3 Be7 5. Bg2 0-0 6. Nc3 Nbd7 7. Ne5 c6 8. 0-0 Nxe5 9. dxe5 Nd7 10. cxd5 exd5 11. f4 f5 12. Be3 Nb6 13. Bf2 Kh8 14. e3 Be6 15. Ne2 Bg8 16. h3 Qd7 17. a4 Rad8 18. Kh2 Nc4 19. Rb1 c5 20. Qc2 Na5 21. b3 Nc6 22. Rfd1 Nb4 23. Qb2 Be6 24. Rd2 Qe8 25. Rbd1 Qf7 26. Nc1 Rd7 27. Nd3 Nxd3 28. Rxd3 b6 29. Bf3 Rfd8 30. Qe2 1/2-1/2

[Event "Wch Rapid"]
[Site "New York"]
[Date "2024.12.27"]
[Round "7"]
[White "Can, Isik"]
[Black "Sindarov, Javokhir"]
[Result "0-1"]
[WhiteElo "2371"]
[BlackElo "2655"]
[PlyCount "128"]
[EventDate "2024.12.26"]
[EventType "swiss (rapid)"]
[EventRounds "13"]
[EventCountry "USA"]
[SourceTitle "CB01_2025"]
[SourceDate "2025.01.01"]
[SourceVersion "1"]
[SourceVersionDate "2025.01.01"]
[SourceQuality "1"]

1. e4 c5 2. Nf3 g6 3. c4 Nc6 4. d4 cxd4 5. Nxd4 Nf6 6. Nc3 d6 7. Be2 Nxd4 8. Qxd4 Bg7 9. Be3 0-0 10. Qd3 Bd7 11. 0-0 a6 12. a3 b5 13. cxb5 axb5 14. f3 Rb8 15. b4 Qc7 16. Rac1 Qb7 17. g4 Rfc8 18. g5 Nh5 19. Nxb5 Rxc1 20. Rxc1 Bb2 21. Rc2 Bxb5 22. Qxb5 Qxb5 23. Bxb5 Bxa3 24. Be2 Rxb4 25. Rc7 e6 26. Rc6 Rb1+ 27. Kf2 Bc5 28. Bxc5 dxc5 29. Rxc5 Nf4 30. Bf1 Kg7 31. Ke3 Nh5 32. Bc4 Re1+ 33. Kd2 Rh1 34. Rc7 Rxh2+ 35. Ke3 Rc2 36. Kd3 Rg2 37. Ke3 Kf8 38. Rc8+ Ke7 39. Rc7+ Ke8 40. Bb5+ Kf8 41. Rc8+ Kg7 42. Rc7 Rxg5 43. Be8 Ra5 44. Bxf7 Kf6 45. Bg8 Ra3+ 46. Kf2 h6 47. Rf7+ Ke5 48. Rh7 Ra2+ 49. Kg1 Ra8 50. Bf7 Nf4 51. Rxh6 Kf6 52. Rh7 Rf8 53. Bxg6 Kxg6 54. Ra7 Rb8 55. Kf2 Kf6 56. Kg3 Ne2+ 57. Kf2 Rb2 58. Ke3 Ng3 59. Kf4 Rg2 60. e5+ Kg6 61. Re7 Nh5+ 62. Ke3 Kf5 63. Rh7 Ng7 64. Kd4 Kf4 0-1

[Event "Wch Rapid"]
[Site "New York"]
[Date "2024.12.27"]
[Round "6"]
[White "Sindarov, Javokhir"]
[Black "Nakamura, Hikaru"]
[Result "1/2-1/2"]
[WhiteElo "2655"]
[BlackElo "2755"]
[PlyCount "41"]
[EventDate "2024.12.26"]
[EventType "swiss (rapid)"]
[EventRounds "13"]
[EventCountry "USA"]
[SourceTitle "CB01_2025"]
[SourceDate "2025.01.01"]
[SourceVersion "1"]
[SourceVersionDate "2025.01.01"]
[SourceQuality "1"]

1. e4 c5 2. Nf3 e6 3. d4 cxd4 4. Nxd4 a6 5. Nc3 b5 6. Be3 Bb7 7. a3 Nf6 8. Bd3 Qc7 9. 0-0 Nc6 10. Nxc6 dxc6 11. f4 c5 12. e5 c4 13. exf6 cxd3 14. cxd3 gxf6 15. Rc1 Qd7 16. f5 Rg8 17. Ne4 Bxe4 18. dxe4 Qxd1 19. Rfxd1 Rg4 20. fxe6 Rxe4 21. exf7+ 1/2-1/2

[Event "Wch Rapid"]
[Site "New York"]
[Date "2024.12.26"]
[Round "4"]
[White "Adewumi, Tanitoluwa"]
[Black "Sindarov, Javokhir"]
[Result "0-1"]
[WhiteElo "2262"]
[BlackElo "2655"]
[PlyCount "60"]
[EventDate "2024.12.26"]
[EventType "swiss (rapid)"]
[EventRounds "13"]
[EventCountry "USA"]
[SourceTitle "CB01_2025"]
[SourceDate "2025.01.01"]
[SourceVersion "1"]
[SourceVersionDate "2025.01.01"]
[SourceQuality "1"]

1. d4 Nf6 2. c4 g6 3. Nc3 Bg7 4. e4 d6 5. Be2 0-0 6. Be3 c5 7. d5 Qb6 8. Qc2 Ng4 9. Bxg4 Bxg4 10. f3 Bd7 11. Nge2 Qb4 12. b3 b5 13. a3 Qa5 14. 0-0 bxc4 15. b4 cxb4 16. axb4 Qc7 17. b5 Qb7 18. Rfb1 e6 19. Nd4 exd5 20. Nxd5 Be6 21. b6 Bxd5 22. bxa7 Qe7 23. axb8Q Raxb8 24. Rxb8 Rxb8 25. Re1 Rc8 26. Nb5 Be6 27. Bd4 Bxd4+ 28. Nxd4 c3 29. Qd3 Qa7 30. Rc1 Rc4 0-1

[Event "Wch Rapid"]
[Site "New York"]
[Date "2024.12.26"]
[Round "2"]
[White "Moroni, Luca Jr"]
[Black "Sindarov, Javokhir"]
[Result "0-1"]
[WhiteElo "2525"]
[BlackElo "2655"]
[PlyCount "112"]
[EventDate "2024.12.26"]
[EventType "swiss (rapid)"]
[EventRounds "13"]
[EventCountry "USA"]
[SourceTitle "CB01_2025"]
[SourceDate "2025.01.01"]
[SourceVersion "1"]
[SourceVersionDate "2025.01.01"]
[SourceQuality "1"]

1. c4 e6 2. g3 d5 3. Bg2 Nf6 4. Nf3 Be7 5. 0-0 0-0 6. d3 c5 7. Ne5 Qc7 8. f4 Rd8 9. Nc3 a6 10. Qc2 d4 11. Nd1 Nbd7 12. Nf3 Nf8 13. e4 dxe3 14. Nxe3 b6 15. b3 Bb7 16. Bb2 Ne8 17. Rad1 Bf6 18. Ne5 Ng6 19. N3g4 Bxe5 20. Nxe5 Ne7 21. Bxb7 Qxb7 22. Qg2 Qxg2+ 23. Kxg2 Rd6 24. Rd2 Rad8 25. Rfd1 Nf6 26. Kf3 h5 27. h3 Nd7 28. d4 b5 29. Bc3 cxd4 30. Rxd4 Rxd4 31. Rxd4 Nxe5+ 32. fxe5 Rc8 33. g4 Nc6 34. Rd6 bxc4 35. bxc4 Ne7 36. Rxa6 Rxc4 37. Ra3 hxg4+ 38. hxg4 Kh7 39. Bd2 Nc6 40. Bc3 Kg6 41. Rb3 Rc5 42. Ke4 Kg5 43. a4 Rc4+ 44. Kd3 Rxa4 45. Rb6 Ne7 46. Rb7 Nd5 47. Bd2+ Kg6 48. g5 Rh4 49. Ra7 Rh2 50. Rb7 Rf2 51. Ra7 Nf4+ 52. Ke3 Re2+ 53. Kxf4 Rxd2 54. Kf3 Rd1 55. Kf4 Rf1+ 56. Kg4 Rf5 0-1

[Event "Wch Rapid"]
[Site "New York"]
[Date "2024.12.26"]
[Round "3"]
[White "Sindarov, Javokhir"]
[Black "Bok, Benjamin"]
[Result "1/2-1/2"]
[WhiteElo "2655"]
[BlackElo "2596"]
[PlyCount "85"]
[EventDate "2024.12.26"]
[EventType "swiss (rapid)"]
[EventRounds "13"]
[EventCountry "USA"]
[SourceTitle "CB01_2025"]
[SourceDate "2025.01.01"]
[SourceVersion "1"]
[SourceVersionDate "2025.01.01"]
[SourceQuality "1"]

1. e4 e5 2. Nf3 Nc6 3. Bc4 Bc5 4. Nc3 Nf6 5. d3 h6 6. 0-0 0-0 7. Be3 Bb6 8. h3 d6 9. Bxb6 axb6 10. d4 Re8 11. Re1 Bd7 12. a4 Nh7 13. Re3 Ng5 14. Nxg5 Qxg5 15. Rf3 Rf8 16. Rg3 Qh4 17. Bb5 f5 18. exf5 Bxf5 19. Bxc6 bxc6 20. dxe5 dxe5 21. Qe2 Qf6 22. Re3 Qg6 23. Rg3 Qf6 24. Re3 Qg6 25. Ne4 Rad8 26. Re1 Rd4 27. b3 Rfd8 28. c3 Rxe4 29. Rxe4 Bxe4 30. Qxe4 Qxe4 31. Rxe4 Rd1+ 32. Kh2 Rc1 33. Rc4 c5 34. Kg3 Kf7 35. a5 Ra1 36. b4 Ra4 37. h4 bxa5 38. Rxc5 axb4 39. Rxc7+ Kf6 40. Rc6+ Kf7 41. Rc7+ Kf6 42. Rc6+ Kf7 43. Rc7+ 1/2-1/2

[Event "Wch Rapid"]
[Site "New York"]
[Date "2024.12.26"]
[Round "1"]
[White "Sindarov, Javokhir"]
[Black "Gagunashvili, Merab"]
[Result "1-0"]
[WhiteElo "2655"]
[BlackElo "2460"]
[PlyCount "169"]
[EventDate "2024.12.26"]
[EventType "swiss (rapid)"]
[EventRounds "13"]
[EventCountry "USA"]
[SourceTitle "CB01_2025"]
[SourceDate "2025.01.01"]
[SourceVersion "1"]
[SourceVersionDate "2025.01.01"]
[SourceQuality "1"]

1. e4 e5 2. Nf3 Nc6 3. Bc4 Bc5 4. Nc3 Nf6 5. d3 d6 6. 0-0 0-0 7. Na4 Bb6 8. a3 Be6 9. Bxe6 fxe6 10. b4 Nd4 11. Ne1 Qe8 12. Nxb6 axb6 13. c3 Nc6 14. Nf3 Nh5 15. g3 Nf6 16. Kg2 Qh5 17. h3 h6 18. Ra2 Rad8 19. Qe2 Rd7 20. b5 Na5 21. a4 Qf7 22. Rb2 Qe8 23. Rb1 Rdf7 24. Nh2 Qd7 25. Bb2 Kh7 26. Ba1 Qe7 27. Qc2 Kh8 28. Rbe1 Qd7 29. Bb2 Kg8 30. Ba3 Ra8 31. Nf3 Raf8 32. Re3 Nh5 33. Qd1 Nf6 34. Nh4 Kh7 35. Qe2 Re8 36. Bb4 Ra8 37. Qc2 c5 38. Ba3 Ng8 39. c4 Ne7 40. Rf3 Ng6 41. Nxg6 Kxg6 42. Rxf7 Kxf7 43. Bb2 Kg8 44. h4 Rf8 45. Bc3 Qe7 46. Qd1 Kh7 47. h5 Kg8 48. Bd2 Kh7 49. Be3 Kg8 50. Qg4 Kh8 51. Rb1 Qf7 52. Qg6 Qe7 53. Rb2 Rf6 54. Qg4 Rf8 55. Bd2 Qf7 56. Be1 Qe7 57. Bc3 Qf7 58. f3 Kh7 59. Rb1 Rg8 60. Rf1 Nb3 61. f4 exf4 62. Rxf4 Qe8 63. e5 d5 64. cxd5 exd5 65. e6 d4 66. Bb2 Rf8 67. Rxf8 Qxf8 68. Qe4+ Kh8 69. e7 Qe8 70. Qe6 c4 71. dxc4 Nc5 72. Qe5 Nd7 73. Qd6 Qxh5 74. Qe6 Nf6 75. Bxd4 Ne8 76. Bxb6 Qd1 77. Bf2 Qd3 78. a5 Kh7 79. Qd5 Qc2 80. a6 bxa6 81. bxa6 Nc7 82. Qc6 Qe2 83. Qxc7 Qe4+ 84. Kh2 Qe2 85. Qf4 1-0

[Event "Wch Rapid"]
[Site "New York"]
[Date "2024.12.26"]
[Round "5"]
[White "Sindarov, Javokhir"]
[Black "Sevian, Samuel"]
[Result "1/2-1/2"]
[WhiteElo "2655"]
[BlackElo "2614"]
[PlyCount "57"]
[EventDate "2024.12.26"]
[EventType "swiss (rapid)"]
[EventRounds "13"]
[EventCountry "USA"]
[SourceTitle "CB01_2025"]
[SourceDate "2025.01.01"]
[SourceVersion "1"]
[SourceVersionDate "2025.01.01"]
[SourceQuality "1"]

1. e4 e6 2. Nf3 d5 3. Nc3 Nf6 4. e5 Nfd7 5. d4 c5 6. Ne2 Nc6 7. c3 Be7 8. a3 0-0 9. Nf4 Qa5 10. b4 cxb4 11. Bd3 bxc3 12. Qc2 b6 13. h4 h6 14. Rh3 Nxd4 15. Nxd4 Nxe5 16. Be2 Bd7 17. Nh5 Ba4 18. Qxc3 Qxc3+ 19. Rxc3 Bxh4 20. Rh3 Be7 21. Nxg7 Kxg7 22. Bxh6+ Kg6 23. Bxf8 Bxf8 24. f4 Nc6 25. Bd3+ Kf6 26. Nxc6 Bxc6 27. Rc1 Bc5 28. g4 Ke7 29. g5 1/2-1/2

[Event "Tashkent President op 3rd"]
[Site "Tashkent"]
[Date "2024.11.29"]
[Round "9"]
[White "Sindarov, Javokhir"]
[Black "Neelash, Saha"]
[Result "1-0"]
[WhiteElo "2682"]
[BlackElo "2458"]
[PlyCount "54"]
[EventDate "2024.11.21"]
[EventType "swiss"]
[EventRounds "9"]
[EventCountry "UZB"]
[SourceTitle "CB49_2024"]
[SourceDate "2024.12.04"]
[SourceVersion "1"]
[SourceVersionDate "2024.12.04"]
[SourceQuality "1"]

1. c4 c6 2. Nf3 d5 3. g3 Nf6 4. Bg2 dxc4 5. 0-0 Nbd7 6. Qc2 Nb6 7. b3 cxb3 8. axb3 g6 9. e4 Bg7 10. d4 0-0 11. h3 Nfd7 12. Bb2 f5 13. exf5 Rxf5 14. Nbd2 Nf6 15. Rfe1 Nfd5 16. Ne4 Nb4 17. Qe2 a5 18. Nc5 N6d5 19. h4 Qd6 20. Rac1 b6 21. Ne4 Qd8 22. Neg5 h6 23. Ne6 Bxe6 24. Qxe6+ Kh7 25. Qe2 Qf8 26. Ne5 Bxe5 27. dxe5 e6 1-0

[Event "Tashkent President op 3rd"]
[Site "Tashkent"]
[Date "2024.11.28"]
[Round "8"]
[White "Nihal, Sarin"]
[Black "Sindarov, Javokhir"]
[Result "1-0"]
[WhiteElo "2676"]
[BlackElo "2682"]
[PlyCount "77"]
[EventDate "2024.11.21"]
[EventType "swiss"]
[EventRounds "9"]
[EventCountry "UZB"]
[SourceTitle "CB49_2024"]
[SourceDate "2024.12.04"]
[SourceVersion "1"]
[SourceVersionDate "2024.12.04"]
[SourceQuality "1"]

1. e4 e5 2. Nf3 Nc6 3. Bc4 Nf6 4. d3 h6 5. 0-0 d6 6. a4 g6 7. Nc3 Bg7 8. h3 0-0 9. Be3 Kh7 10. Re1 Na5 11. Ba2 c5 12. Ne2 Nc6 13. c3 b6 14. d4 exd4 15. cxd4 Nb4 16. Bb1 Bb7 17. d5 Nd7 18. Qd2 a5 19. Ra3 Ba6 20. h4 h5 21. Bg5 Qc7 22. Ng3 Ne5 23. Nxe5 dxe5 24. Qd1 f6 25. Bd2 Qf7 26. f4 exf4 27. Bxf4 Kh8 28. Qd2 Rad8 29. Rf3 Qe7 30. d6 Qe6 31. e5 Nc6 32. exf6 Qxf6 33. Be5 Qxe5 34. Rxf8+ Rxf8 35. Rxe5 Nxe5 36. Bxg6 Ng4 37. Bxh5 Rf2 38. Qd5 Bc4 39. d7 1-0

[Event "Tashkent President op 3rd"]
[Site "Tashkent"]
[Date "2024.11.26"]
[Round "6"]
[White "Abdusattorov, Nodirbek"]
[Black "Sindarov, Javokhir"]
[Result "1/2-1/2"]
[WhiteElo "2777"]
[BlackElo "2682"]
[PlyCount "69"]
[EventDate "2024.11.21"]
[EventType "swiss"]
[EventRounds "9"]
[EventCountry "UZB"]
[SourceTitle "CB49_2024"]
[SourceDate "2024.12.04"]
[SourceVersion "1"]
[SourceVersionDate "2024.12.04"]
[SourceQuality "1"]

1. c4 e6 2. Nc3 d5 3. d4 Nf6 4. cxd5 exd5 5. Bg5 Be7 6. e3 0-0 7. Bd3 Re8 8. Nf3 h6 9. Bf4 c5 10. 0-0 Nc6 11. Nb5 c4 12. Bc2 Nh5 13. Bc7 Qd7 14. Be5 Nf6 15. h3 a6 16. Nc3 b5 17. a3 Bb7 18. Bxf6 Bxf6 19. Nh2 Bd8 20. Qh5 b4 21. Bf5 Qd6 22. axb4 Nxb4 23. Ng4 Bc8 24. Bb1 Bxg4 25. hxg4 Rb8 26. Rd1 Bc7 27. Rd2 Re6 28. Qh3 Qd8 29. Bf5 Rd6 30. Rad1 g6 31. Bb1 Kg7 32. e4 dxe4 33. Nxe4 Rd5 34. Nc3 Bf4 35. Nxd5 1/2-1/2

[Event "Tashkent President op 3rd"]
[Site "Tashkent"]
[Date "2024.11.25"]
[Round "5"]
[White "Sindarov, Javokhir"]
[Black "Zemlyanskii, Ivan"]
[Result "1-0"]
[WhiteElo "2682"]
[BlackElo "2543"]
[PlyCount "67"]
[EventDate "2024.11.21"]
[EventType "swiss"]
[EventRounds "9"]
[EventCountry "UZB"]
[SourceTitle "CB49_2024"]
[SourceDate "2024.12.04"]
[SourceVersion "1"]
[SourceVersionDate "2024.12.04"]
[SourceQuality "1"]

1. e4 e5 2. Nf3 Nc6 3. Bb5 a6 4. Ba4 Nf6 5. 0-0 Nxe4 6. d4 b5 7. Bb3 d5 8. dxe5 Be6 9. c3 Be7 10. Bf4 Nc5 11. Bc2 Bg4 12. Nbd2 Bh5 13. Bg3 0-0 14. Qb1 Bg6 15. Rd1 Bxc2 16. Qxc2 f5 17. exf6 Bxf6 18. b4 Na4 19. Ne4 Be7 20. a3 Nb6 21. Nc5 Qc8 22. Qd3 Rf5 23. Re1 Bxc5 24. bxc5 Nc4 25. Bxc7 Rxf3 26. Qxf3 Qxc7 27. Qxd5+ Kh8 28. Re6 Rc8 29. Rae1 g6 30. h4 N6e5 31. R1xe5 Nxe5 32. Rxe5 Rd8 33. Qe4 Qf7 34. c6 1-0